Normal view
MARC view
- غتينغز,فريد تأليف/اسدي حسن,توفيق مترجم
Entry Personal Name
001 - CONTROL NUMBER
- control field: 8898
003 - CONTROL NUMBER IDENTIFIER
- control field: JO-AjAnu
005 - DATE AND TIME OF LATEST TRANSACTION
- control field: 20230606071731.0
008 - FIXED-LENGTH DATA ELEMENTS
- fixed length control field: 230606|| aca||aabn | a|a d
040 ## - CATALOGING SOURCE
- Original cataloging agency: JO-AjAnu
- Transcribing agency: JO-AjAnu
100 ## - HEADING--PERSONAL NAME
- Personal name: غتينغز,فريد تأليف/اسدي حسن,توفيق مترجم
670 ## - SOURCE DATA FOUND
- Source citation: Work cat.: (JO-AjAnu)4591: غتينغز,فريد تأليف/اسدي حسن,توفيق مترجم, author, فنون الرسم والتلوين